01226aam a2200409 450000500170000000800410001702000150005804100080007308200180008110000290009924500320012825000170016026000130017726000220019026000090021230000180022149000470023949000270028665000220031365000320033565000440036765000240041165000170043565000300045265000270048265000250050965000460053465000270058065000170060765000260062465000350065065000240068594200120070999900150072195200400073695200400077620251119114755.0150310b1999 xxu||||| |||| 00| 0 spa d a9684268289 aESP a650.11 R696m2 aRodriguez Estrada, Mauro aAdministración del tiempo a2 edición  aMéxico bEl Manual Moderno c2006 a77 páginas  aDirección y Administración de Empresas aSecretariado Ejecutivo aMANEJO DEL TIEMPO aADMINISTRACIÓN DEL TIEMPO aAFIRMACIONES SOBRE EL MANEJO DEL TIEMPO aENEMIGOS DEL TIEMPO aPERSONALIDAD aPROGRAMACIÓN DEL TIEMPO aRENDIMIENTO DEL TIEMPO aTIEMPO DEL EJECUTIVO aPRINCIPIOS DE ADMINISTRACIÓN DEL TIEMPO aCREATIVIDAD DEL TIEMPO aTIEMPO LIBRE aEFECTOS PATOLÓGICOS aEFECTOS DEL MAL USO DEL TIEMPO aDESARROLLO PERSONAL cBK2ddc c2117d2117 o650.11 R696m2p12846xDAE x SEyBK o650.11 R696m2p14063xDAE x SEyBK